Haz clic en el sur y en Asia Central en un mapa - Estadísticas

Estadísticas generales
  • Esta prueba ha sido intentada 46 veces
  • La puntuación promedio es 12 de 13
Respuestas en el mapa
Las respuestas están codificadas por una escala verde-roja en el mapa de la prueba según el % correcto abajo.
 
Estadísticas de respuestas
Respuesta % Correcto
India
97%
Maldivas
97%
Uzbekistán
97%
Bután
95%
Kazajistán
95%
Bangladés
92%
Nepal
92%
Pakistán
92%
Sri Lanka
89%
Afganistán
86%
Tayikistán
86%
Turkmenistán
84%
Kirguistán
81%
No se encontraron pruebas coincidentes
Distribución de puntuación
Porcentaje de gente con cada puntuación
Porcentaje por número respondido
Historial de tus puntuaciones
No has intentado esta prueba.